000 02380cam a22004814i 4500
003 PE-LiUPU
005 20250731173334.0
008 150616s1969 sp rb 000 0 spa d
035 _a(Sirsi) a467
040 _aPE-LiUPU
_bspa
_cPE-LiUPU
_erda
049 _aPRUA
082 0 4 _a262.001
_bS31
_221
100 1 _aSchlink, Edmund,
_eautor.
245 1 3 _aEl Cristo que ha de venir y las tradiciones de la iglesia :
_baportaciones para el dialodo entre las iglesias separadas /
_cEdmund Schlink.
264 1 _aAlcoy :
_bEditorial Marfil,
_c1969.
300 _a434 páginas ;
_c22 centímetros.
336 _atext
_2rdacontent
337 _aunmediated
_2rdamedia
338 _avolume
_2rdacarrier
490 0 _aColeccion: Fe Concreta ;
_v4
504 _aNota Bibliografica.
505 0 _aConsideración metodológica -- Misión y peligro del consejo ecuménico de las iglesias -- Estructura de la afirmación dogmática como problema ecuménico -- Exposición dogmática -- La cristología de Calcedonia en el diálogo ecuménico -- Cristo y la iglesia -- Amplitud de la iglesia según la confesión luterana -- La cultura ante la teología evangelista -- Ley y evangelio, problema de controversia teológica -- La sucesión apostólica -- Problema de la tradición -- Encuentro conciliar -- El pueblo peregrino de Dios -- Cristo, esperanza del mundo -- Cambios en el concepto protestante de la iglesia oriental -- Importancia de las tradiciones orientales y occidentales para la cristiandad -- Los concilios ecuménicos, antes y ahora -- La resurrección del pueblo de Dios.
526 _aSEG42
526 _aSEG41
526 _aSEG40
526 _aSEG39
526 _aP94
526 _aP87
526 _aP86
526 _aP85
526 _aP77
526 _aP76
526 _aP35
650 0 4 _aEcumenismo.
_94172
910 _ajck
_bjvq
_cjck
910 _adbm
_bncf
_cncf
_d20190607
942 _2ddc
_cBOOK
949 _a262.001 S31
_wDEWEY
_c1
_i22618
_lCCODEBUL1
_mBUL
_p00.00
_r0
_sY
_tBOOK
_u19840506
_xTEOLOGIA
_zUNKNOWN
_0COMPRA
_o.STAFF. Colección Teología
994 _aC0
_bPEPRU
596 _a1
999 _a262.001 S31
_wDEWEY
_c48926
_i22618
_d48926
_f2021-11-10
_g6
_lCCODEBUL1
_mBUL
_p25.00
_q1
_r0
_sY
_tBOOK
_u2015-6-16
_xTEOLOGIA
_PP35
_0COMPRA
_o.STAFF. Colección Teología
980 _81
_gALBERTO SANCHEZ Responsable de Automatización